000 00348 a2200157 4500
001 150287
040 _cEscola São Tomás de Aquino
100 _aBASSI, Silvia
240 1 0 _aPeles molhadas
_lpor
245 1 0 _aPeles molhadas
300 _a23
362 0 _a2004
440 1 _aCompanhia Editora Nacional
697 _aCIÊNCIAS
942 _cBK
999 _c150287
_d150287